MARC details
| 000 -LEADER |
| fixed length control field |
01443nam a2200361 a 4500 |
| 001 - CONTROL NUMBER |
| control field |
4430185 |
| 003 - CONTROL NUMBER IDENTIFIER |
| control field |
BDDh-ASL |
| 005 - DATE AND TIME OF LATEST TRANSACTION |
| control field |
20231015030132.0 |
| 008 - FIXED-LENGTH DATA ELEMENTS--GENERAL INFORMATION |
| fixed length control field |
931217s1992 pk abf b 001 0beng |
| 010 ## - LIBRARY OF CONGRESS CONTROL NUMBER |
| LC control number |
93930423 |
| 020 ## - INTERNATIONAL STANDARD BOOK NUMBER |
| Terms of availability |
Rs200.00 ($10.00 U.S.) |
| 025 ## - OVERSEAS ACQUISITION NUMBER |
| Overseas acquisition number |
P-E-026411 13/9-26 |
| 040 ## - CATALOGING SOURCE |
| Original cataloging agency |
DLC |
| Transcribing agency |
DLC |
| Modifying agency |
BDDh-ASL |
| 042 ## - AUTHENTICATION CODE |
| Authentication code |
lcode |
| 043 ## - GEOGRAPHIC AREA CODE |
| Geographic area code |
a-ii--- |
| 050 00 - LIBRARY OF CONGRESS CALL NUMBER |
| Classification number |
DS461.9.K42 |
| Item number |
R39 1992 |
| 082 ## - DEWEY DECIMAL CLASSIFICATION NUMBER |
| Classification number |
954 |
| Item number |
SUB |
| 100 1# - MAIN ENTRY--PERSONAL NAME |
| Personal name |
Ray, Sukumar, |
| Dates associated with a name |
1905-1987. |
| 245 10 - TITLE STATEMENT |
| Title |
Bairam Khan / |
| Statement of responsibility, etc. |
Sukumar Ray ; edited by M.H.A. Beg. |
| 260 ## - PUBLICATION, DISTRIBUTION, ETC. |
| Place of publication, distribution, etc. |
[Karachi] : |
| Name of publisher, distributor, etc. |
Institute of Central and West Asian Studies, Faculty of Arts, University of Karachi, |
| Date of publication, distribution, etc. |
1992. |
| 300 ## - PHYSICAL DESCRIPTION |
| Extent |
xx, 287 p., [8] p. of plates : |
| Other physical details |
ill. (some col.), 1 folded map ; |
| Dimensions |
22 cm. |
| 500 ## - GENERAL NOTE |
| General note |
Title on added t.p.: K̲h̲ānk̲h̲ānān̲ nāmah: savāniḥ-i ʻunrī K̲h̲ānk̲h̲ānān̲ ʻAbdurrahīm K̲h̲ān. |
| 504 ## - BIBLIOGRAPHY, ETC. NOTE |
| Bibliography, etc. note |
Includes bibliographical references (p. 252-262) and index. |
| 520 ## - SUMMARY, ETC. |
| Summary, etc. |
On the life and achievements of Bairam Khan, 1524?-1561, a ruler of the Mogul Empire. |
| 600 10 - SUBJECT ADDED ENTRY--PERSONAL NAME |
| Personal name |
Khan, Bairam, |
| Dates associated with a name |
1524?-1561. |
| 650 #0 - SUBJECT ADDED ENTRY--TOPICAL TERM |
| Topical term or geographic name entry element |
Nobility |
| Geographic subdivision |
Mogul Empire |
| General subdivision |
Biography. |
| 651 #0 - SUBJECT ADDED ENTRY--GEOGRAPHIC NAME |
| Geographic name |
Mogul Empire |
| General subdivision |
History. |
| 700 1# - ADDED ENTRY--PERSONAL NAME |
| Personal name |
Beg, M. H. A. |
| 740 0# - ADDED ENTRY--UNCONTROLLED RELATED/ANALYTICAL TITLE |
| Uncontrolled related/analytical title |
K̲h̲ānk̲h̲ānān̲ nāmah. |
| 906 ## - LOCAL DATA ELEMENT F, LDF (RLIN) |
| a |
7 |
| b |
cbc |
| c |
origode |
| d |
3 |
| e |
ncip |
| f |
19 |
| g |
y-gencatlg |
| 942 ## - ADDED ENTRY ELEMENTS (KOHA) |
| Source of classification or shelving scheme |
Dewey Decimal Classification |
| Koha item type |
Books |